[Event "Bretagne-ch U14"]
[Site "Sarzeau"]
[Date "2006.02.22"]
[Round "3"]
[White "Tranvouez, Pierre"]
[Black "Gueguen, Ronan"]
[Result "1/2-1/2"]
[WhiteElo "1730"]
[BlackElo "1820"]
[PlyCount "88"]
[EventDate "2006.02.21"]
[EventType "swiss"]
[EventRounds "6"]
[EventCountry "FRA"]
[SourceTitle "EXT 2007"]
[Source "ChessBase"]
[SourceDate "2006.11.23"]
[SourceVersion "1"]
[SourceVersionDate "2006.11.23"]
[SourceQuality "1"]

1. d4 Nf6 2. c4 e5 3. dxe5 Ng4 4. e4 Nxe5 5. Bf4 Ng6 6. Be3 Bb4+ 7. Nd2 Nc6 8. Ngf3 0-0 9. a3 Be7 10. Be2 d6 11. 0-0 Nce5 12. Nxe5 Nxe5 13. f4 Ng6 14. Nf3 Bf6 15. Qc2 Bd7 16. c5 dxc5 17. Bxc5 Be7 18. Ne5 Bxc5+ 19. Qxc5 Re8 20. Bd3 Bc6 21. Rae1 Qe7 22. Qxe7 Nxe7 23. Nxc6 Nxc6 24. Bb5 Re6 25. f5 Rh6 26. Rd1 a6 27. Be2 Rd8 28. Rxd8+ Nxd8 29. Rd1 Rd6 30. Kf2 Rxd1 31. Bxd1 Kf8 32. Ke3 Nc6 33. Bb3 f6 34. Bd5 Ke7 35. Bxc6 bxc6 36. Kd4 Kd6 37. b4 Ke7 38. Kc5 Kd7 39. a4 h6 40. h3 h5 41. h4 Kd8 42. Kxc6 Kc8 43. b5 axb5 44. axb5 Kd8 1/2-1/2

[Event "FRA-chT3 0405"]
[Site "France"]
[Date "2005.04.04"]
[Round "7.8"]
[White "Tranvouez, Pierre"]
[Black "Thomas, Jeannine"]
[Result "1-0"]
[WhiteElo "1530"]
[BlackElo "1430"]
[PlyCount "59"]
[EventDate "2004.10.10"]
[EventType "team-tourn"]
[EventRounds "9"]
[EventCountry "FRA"]
[SourceTitle "EXT 2007"]
[Source "ChessBase"]
[SourceDate "2006.11.23"]
[SourceVersion "1"]
[SourceVersionDate "2006.11.23"]
[SourceQuality "1"]

1. d4 d5 2. e4 e6 3. e5 Nc6 4. Nf3 a6 5. c3 b5 6. Bd3 Nge7 7. Bg5 h6 8. Bh4 g5 9. Bg3 Nf5 10. h3 Nxg3 11. fxg3 Ne7 12. Nbd2 Ng8 13. Qe2 c5 14. 0-0 c4 15. Bc2 h5 16. Qf2 Ra7 17. h4 Bh6 18. hxg5 Bxg5 19. Nxg5 Qxg5 20. Nf3 Qg7 21. a4 Bd7 22. axb5 Bxb5 23. Ba4 Bxa4 24. Rxa4 f6 25. Rfa1 Qb7 26. exf6 Nxf6 27. Ng5 Kd7 28. Qxf6 Re8 29. Qf7+ Kd6 30. Qxb7 1-0

[Event "FRA-chT3 0405"]
[Site "France"]
[Date "2005.02.06"]
[Round "5.7"]
[White "Keravec, Julien"]
[Black "Tranvouez, Pierre"]
[Result "1-0"]
[WhiteElo "1700"]
[BlackElo "1530"]
[PlyCount "131"]
[EventDate "2004.10.10"]
[EventType "team-tourn"]
[EventRounds "9"]
[EventCountry "FRA"]
[SourceTitle "EXT 2007"]
[Source "ChessBase"]
[SourceDate "2006.11.23"]
[SourceVersion "1"]
[SourceVersionDate "2006.11.23"]
[SourceQuality "1"]

1. d4 Nf6 2. c4 g6 3. Nc3 Bg7 4. e4 d6 5. Nf3 0-0 6. Be2 c5 7. d5 Nbd7 8. 0-0 Ng4 9. Qc2 Nge5 10. Be3 Nxf3+ 11. Bxf3 Ne5 12. Be2 f5 13. f3 Bd7 14. Rad1 f4 15. Bf2 a6 16. a4 Nf7 17. Na2 Qe8 18. b3 Rc8 19. Rfe1 Ng5 20. Nc1 Qf7 21. h4 Qf6 22. hxg5 Qxg5 23. Kf1 Qh5 24. Bg1 Qh1 25. Nd3 Bh3 26. Nxf4 Rxf4 27. gxh3 Qxh3+ 28. Kf2 Bd4+ 29. Rxd4 cxd4 30. Rd1 Qh4+ 31. Kf1 Rcf8 32. Qd3 Rxe4 33. Bxd4 Qh3+ 34. Ke1 Qxf3 35. Kd2 Qxd3+ 36. Kxd3 Ref4 37. Rg1 Rh4 38. Bg4 Rf4 39. Be6+ Kf8 40. Be3 Rf3 41. Ke2 Rf6 42. Bc8 Rh2+ 43. Kd3 h5 44. Bxb7 a5 45. Bc8 Rb2 46. Kc3 Re2 47. Kd4 Kg7 48. Kd3 Rb2 49. Kc3 Re2 50. Bd4 Re4 51. Bxf6+ exf6 52. Bf5 Re3+ 53. Kd4 Rxb3 54. Bxg6 Ra3 55. Bxh5+ Kf8 56. Bd1 Ke7 57. Re1+ Kf7 58. Re6 Ra2 59. Kc3 Ra1 60. Bc2 Ra3+ 61. Kb2 Rg3 62. Rxd6 Rg4 63. Kc3 Ke7 64. Ra6 Rg3+ 65. Kd4 Rg4+ 66. Kc5 1-0

[Event "FRA-chT3 0405"]
[Site "France"]
[Date "2004.11.07"]
[Round "2.5"]
[White "Tranvouez, Pierre"]
[Black "Le Du, Michel"]
[Result "0-1"]
[WhiteElo "1560"]
[BlackElo "1969"]
[PlyCount "52"]
[EventDate "2004.10.10"]
[EventType "team-tourn"]
[EventRounds "9"]
[EventCountry "FRA"]
[SourceTitle "EXT 2007"]
[Source "ChessBase"]
[SourceDate "2006.11.23"]
[SourceVersion "1"]
[SourceVersionDate "2006.11.23"]
[SourceQuality "1"]

1. d4 g6 2. e4 c6 3. c4 Bg7 4. Nc3 d6 5. h3 Nd7 6. Nf3 Qc7 7. Be2 Ngf6 8. Be3 a6 9. 0-0 0-0 10. Qd2 e5 11. Bh6 Re8 12. d5 c5 13. g4 Bh8 14. g5 Nh5 15. Nh4 Nf4 16. Qe3 Nb6 17. Ng2 Nxh3+ 18. Kh2 Nf4 19. Nxf4 exf4 20. Qf3 Be5 21. Kg2 Qe7 22. Bd3 Nd7 23. Rab1 Bxc3 24. bxc3 Ne5 25. Qd1 f3+ 26. Kg1 Qd7 0-1